ARRUPE JESUIT UNIVERSITY

CORONAVIRUS -STOP THE SPREAD - CLEAN,DISINFECT,COVER

Food resources: conventional and novel (Record no. 120591)

MARC details
000 -LEADER
fixed length control field 00817cam a2200277 4500
001 - CONTROL NUMBER
control field 294581
003 - CONTROL NUMBER IDENTIFIER
control field ARRUPE
005 - DATE AND TIME OF LATEST TRANSACTION
control field 20140602123855.0
008 - FIXED-LENGTH DATA ELEMENTS--GENERAL INFORMATION
fixed length control field 700918s1969 enk b 001 0 eng a
010 ## - LIBRARY OF CONGRESS CONTROL NUMBER
LC control number 70497638
015 ## - NATIONAL BIBLIOGRAPHY NUMBER
National bibliography number B69-11088
020 ## - INTERNATIONAL STANDARD BOOK NUMBER
International Standard Book Number 0140210458
040 ## - CATALOGING SOURCE
Original cataloging agency DLC
Transcribing agency DLC
Modifying agency DLC
050 10 - LIBRARY OF CONGRESS CALL NUMBER
Classification number TX355.
Item number P668
082 00 - DEWEY DECIMAL CLASSIFICATION NUMBER
Classification number 338.1/9
300 ## - PHYSICAL DESCRIPTION
Dimensions 19 cm.
100 1# - MAIN ENTRY--PERSONAL NAME
Personal name Pirie, N. W.
Fuller form of name (Norman Wingate),
Dates associated with a name 1907-
9 (RLIN) 10523
245 10 - TITLE STATEMENT
Title Food resources: conventional and novel
Statement of responsibility, etc [by] N. W. Pirie; with a foreword by C. A. Coulson.
260 ## - PUBLICATION, DISTRIBUTION, ETC. (IMPRINT)
Place of publication, distribution, etc Harmondsworth,
Name of publisher, distributor, etc Penguin,
Date of publication, distribution, etc 1969.
300 ## - PHYSICAL DESCRIPTION
Extent 208 p.
350 ## - PRICE (NR) (BK AM CF MU VM SE) [OBSOLETE]
Price 5/-
490 0# - SERIES STATEMENT
Series statement Pelican books A1045
504 ## - BIBLIOGRAPHY, ETC. NOTE
Bibliography, etc Includes bibliographical references.
650 #0 - SUBJECT ADDED ENTRY--TOPICAL TERM
Topical term or geographic name as entry element Food.
9 (RLIN) 10524
906 ## - LOCAL DATA ELEMENT F, LDF (RLIN)
a 7
b cbc
c orignew
d 3
e ncip
f 19
g y-gencatlg
942 ## - ADDED ENTRY ELEMENTS (KOHA)
Source of classification or shelving scheme Library of Congress Classification
Koha item type Monograph ( Printed materials)
Holdings
Withdrawn status Lost status Source of classification or shelving scheme Damaged status Not for loan Collection code Home library Current library Shelving location Date acquired Total Checkouts Full call number Barcode Date last seen Price effective from Koha item type
    Library of Congress Classification     Main Collection ARRUPE LIBRARY ARRUPE LIBRARY Main Collection 02/06/2014   TX355. P668 46500001514 11/09/2019 02/06/2014 Monograph ( Printed materials)

 

Arrupe Library. PO Box MP320 Mt Pleasant, Harare, Zimbabwe
263 242 745411|librarian@aju.ac.zw